| 000 | 03557nam0a2200385 i 4500 | ||
|---|---|---|---|
| 001 | RU\NLR\BIBL_A\010983429 | ||
| 005 | 20260408080538.0 | ||
| 010 |
_a9785763833461 _9100 |
||
| 021 |
_aRU _b2016-7286 _9465 |
||
| 035 | _a(NILC)RuMoRGB-008133096 | ||
| 035 | _a(NLR Aleph) 010983429 | ||
| 090 |
_a10886867 _c10886867 |
||
| 100 | _a20160218d2015 um y0rusy50 ca | ||
| 101 | 0 | _arus | |
| 102 | _aRU | ||
| 105 | _ay|||j|||000yy | ||
| 200 | 1 |
_aОтходы нефтяных и газовых производств _eучебное пособие для студентов вузов, обучающихся по направлению подготовки бакалавров "Эксплуатация транспортно-технологических машин и комплексов" (профили подготовки: "Сервис транспортных и транспортно-технологических машин и оборудования (Нефтегазодобыча)", "Сервис транспортных и транспортно-технологических машин и оборудования (Нефтепродуктообеспечение и гасонабжение"), "Сервис транспортных и транспортно-технологических машин и оборудования (Трубопроводный транспорт нефти и газа)" и специалистов по специальности "Транспортные средства специального назначения" (специализация: "Наземные транспортные средства и комплексы аэродромно-технического обеспечения полетов авиации") _fМ-во образования и науки Российской Федерации, Сибирский федеральный ун-т, [Ин-т нефти и газа _gБезбородов Ю. Н. и др.] _gпод ред. Н. Д. Булчаева |
|
| 210 |
_aКрасноярск _cСФУ _d2015 |
||
| 215 |
_a147 с. _cил., табл. _d21 |
||
| 300 | _aНа обл. в подзаг.: Эксплуатация транспортно-технологических машин и комплексов, сервис транспортных и транспортно-технологических машин и оборудования | ||
| 320 | _aБиблиогр.: с. 142 (4 назв.) | ||
| 606 | 1 |
_aНефть _jУчебные издания для высших учебных заведений _xДобыча _xОтходы _92432714 _3RU\NLR\AUTH\661447850 |
|
| 606 | 1 |
_aГазовые промыслы _jУчебные издания для высших учебных заведений _xСточные воды _92278702 _3RU\NLR\AUTH\661365361 |
|
| 606 |
_aНефтяные промыслы _jУчебные издания для высших учебных заведений _xСточные воды _91721956 _3RU\NLR\AUTH\66768482 |
||
| 675 | _a622.32 | ||
| 686 | 1 | _aИ361я73-1 | |
| 686 | 1 | _aИ362я73-1 | |
| 702 | 1 |
_aБезбородов _bЮ. Н. _gЮрий Николаевич _4220 |
|
| 702 | 1 |
_aБулчаев _bН. Д. _gНурди Джамалайлович _4340 |
|
| 712 | 0 | 2 |
_4570 _aСибирский федеральный университет _cКрасноярск _9693232 _3RU\NLR\AUTH\8810095991 |
| 801 | 0 |
_aRU _bРГБ _c20160202 _gRCR |
|
| 942 | _cBOOK | ||
| 980 | _aNBR | ||